00746nam a2200229Ia 4500003000900000008004100009040001300050040001300063041000800076100001600084245010200100250001100202260001500213260000900228300001100237300001000248490003600258490000600294942000700300999001700307952019200324IT-RoPAU120407s9999 xx 000 0 und d aIT-RoPAU cIT-RoPAU aita aJohann Auer a"Il Vangelo della grazia. Il nuovo ordine salvifico realizzato da Cristo nella Chiesa. 2a. ed." aAssisi aCittadella c1988 a360 p. c19 cm aPiccola dogmatica cattolica, 5 v1 cBK c33362d33362 00102ddc406230_200000000000000_49571aPAULUSbPAULUSd2012-04-11l0o230.2.495r2012-04-11 00:00:00w2012-04-11yBKzInserito da: Anna In data: n.d. fondo: Via A.Severo 56 Progr:14796